| Tag |
First Indicator |
Second Indicator |
Subfields |
| LEADER |
00000cam a22000008i 4500 |
| 001 |
in00000059056 |
| 005 |
20151008051017.0 |
| 008 |
790917s1979 caua 00010 eng |
| 010 |
|
|
|a 79021994
|
| 020 |
|
|
|a 0876854331 :
|c $20.00
|
| 020 |
|
|
|a 0876854323 (pbk.) :
|c $5.00
|
| 035 |
|
|
|a (OCoLC)05495962
|
| 035 |
|
|
|9 AAG4994AM
|
| 040 |
|
|
|a DLC
|c DLC
|d TXA
|d UtOrBLW
|
| 049 |
|
|
|a TXAM
|c [980894]
|
| 050 |
0 |
0 |
|a PS3521.E4322
|b K5
|
| 082 |
0 |
|
|a 811/.5/4
|
| 100 |
1 |
|
|a Kelly, Robert,
|d 1935-
|
| 245 |
1 |
0 |
|a Kill the messenger who brings bad news /
|c Robert Kelly.
|
| 263 |
|
|
|a 7910
|
| 264 |
|
1 |
|a Santa Barbara :
|b Black Sparrow Press,
|c 1979.
|
| 300 |
|
|
|a 242 pages :
|b illustrations ;
|c 23 cm.
|
| 336 |
|
|
|a text
|b txt
|2 rdacontent
|
| 337 |
|
|
|a unmediated
|b n
|2 rdamedia
|
| 338 |
|
|
|a volume
|b nc
|2 rdacarrier
|
| 999 |
|
|
|a MARS
|
| 999 |
f |
f |
|s b05041f1-cf47-344e-a1d8-77113e2ad0a0
|i 9e321d32-1ea6-3bba-a95a-ee0b48488ff6
|t 0
|
| 952 |
f |
f |
|p ric
|a Texas A&M University
|b Rellis Campus
|c Joint Library Facility
|d Remote Storage
|t 0
|e PS3521.E4322 K5
|h Library of Congress classification
|i unmediated -- volume
|m A14804094723
|
| 998 |
f |
f |
|a PS3521.E4322 K5
|t 0
|l Remote Storage
|